| 000 | 00577nam a2200229Ia 4500 | ||
|---|---|---|---|
| 003 | GCL | ||
| 008 | 140319s9999 xx 000 0 eng d | ||
| 020 | _a0130497150 | ||
| 040 |
_aGCL / _cGCL |
||
| 082 | 0 | 4 |
_a658.8 _bK M |
| 100 | 1 | _aKOLTER, PHILIP | |
| 245 | 1 | 0 |
_aMARKETING MANAGEMENT / _cKOLTER, PHILIP |
| 250 | _aELEVEN | ||
| 260 |
_aنيويورك : _bPRENTICE HALL |
||
| 300 |
_a25 CM ؛ _c706 P |
||
| 650 | 0 | 4 | _aCOMMERCE |
| 650 | 0 | 4 | _aMARKETING |
| 650 | 0 | 4 | _aCOMMUNICATION IN MARKETING |
| 650 | 0 | 4 | _aMARKETS |
| 650 | 0 | 4 | _aMARKETING - MANAGEMENT |
| 942 |
_2ddc _cBK |
||
| 999 |
_c5673 _d5673 |
||